| 000 | 00664nam a22001817a 4500 | ||
|---|---|---|---|
| 003 | UA-OsUOA | ||
| 001 | 17322 | ||
| 007 | ta | ||
| 008 | 20040221b un ||||| |||| 00| 0 ukr d | ||
| 100 | _aУкраїнець Д. | ||
| 942 | _cSA | ||
| 040 |
_aUA-OsUOA _cUA-OsUOA _dUA-OsUOA |
||
| 245 |
_aХай плідною буде співпраця _b[Фермери обл. зібралися в Рівному , аби підбити підсумки своєї роботи за 2003 р.] |
||
| 300 | _aС.3 | ||
| 955 | _a0 | ||
| 773 | 0 |
_w0 _tРівненський кооператор _dРівне _d2004 _g№6/6 лют./ |
|
| 650 | 7 |
_aКраєзнавча робота _2UDC |
|
| 999 |
_c303490 _d303490 |
||